000 00550nam a2200121Ia 4500
008 171212s9999 xx 000 0 und d
020 _a9780833081018
100 _aLim, Nelson;Haddad, Abigail;Butler, Dwayne M.;Giglio, Kate
245 _cLim, Nelson;Haddad, Abigail;Butler, Dwayne M.;Giglio, Kate
_aFirst Steps Toward Improving DoD STEM Workforce Diversity
_bResponse to the 2012 Department of Defense STEM Diversity Summit
260 _bRAND Corporation
_c2013
650 _aGeneral Science
856 _uhttp://www.jstor.org/stable/10.7249/j.ctt5vjw4b
999 _c352092
_d352092